LDR 00668naa#a2200157#i#450# 001 RU\\bibl\124886 005 20260604183412.4 011 ## _a2221-3260 100 ## _a20260331b2026####ek#y0rusy0150####ca 102 ## _aRU 200 1# _aТрансграничное кредитование транснациональных компаний _eЖурнальная статья 210 1# _aЯрославль _cЯрославский государственный технический университет _d2026 215 ## _a12 с. 608 ## _aЖурнальная статья _2local 700 #1 _aСмирнов _gВладимир Дмитриевич 856 4# _atheoreticaleconomy.ru _u